000 00390nam a2200145Ia 4500
008 210716s2003 xx 000 0 und d
041 _aeng
082 _a150 FERL
100 _aFernald, L Dodge;Fernald, Peter S.
245 _aIntroduction to psychology.
250 _a1
260 _aNew Delhi
_bAITBS Publishers and Distributors
_c2003
300 _axxviii,643
650 _aPsychology
999 _c197942
_d197942